Language Quiz

Random Language Quiz

Lie v. Lay Quiz Stats

 Plays Quiz not verified by Sporcle

Challenge
Share
Tweet
Embed
Score 0/22 Timer 04:00
0 Plays Today
Hint___ 'lie' or 'lay'? % Correct
There could no longer be any doubt where real power___???
61.5%
Prerogative remedies for criminal charges will not ordinarily___???
53.8%
Wind whistled against the hole in the back wall, which heightened the eerie effect of the scene which___???
46.2%
She has the ability to scratch and burrow under the surface of human experience and___???
46.2%
Vincent sighed___???
38.5%
I didn't know what to do with myself, so I just___???
38.5%
Below, yachts and dinghies play in the bay and the bright red ferry leaves for Cape Clear, off which___???
38.5%
I wake up at 5am and___???
38.5%
The dog whined and gently___???
38.5%
She bent her body and___???
38.5%
A good skipper will have a plentiful supply of bottled water in the icebox, but it is as well to check before leaving port that he had___???
38.5%
Hint___ 'lie' or 'lay'? % Correct
For decades the old garden had___???
30.8%
The strenuousness and power of a godward life shows itself in the privileges and responsibilities___???
30.8%
It was just at the start of the heroin epidemic that___???
30.8%
He seems to have a strategy, but it is one that he does not seem to have___???
30.8%
Rarely within the living memory has so much skill___???
30.8%
The horse had___???
23.1%
When the Reformers rediscovered the Bible, they rediscovered a two-tier Holy Land: a real, dusty place and,___???
23.1%
He___???
15.4%
You all just___???
15.4%
On the acropolis is a smaller walled-in area where a ruined Byzantine chapel___???
14.3%
Overhead, German spotters were looking for us, and I promised the men we would___???
0%

You're not logged in!

Compare scores with friends on all Sporcle quizzes.
OR
Log In

You Might Also Like...

Show Comments

Extras

Top Quizzes Today


Score Distribution

Your Account Isn't Verified!

In order to create a playlist on Sporcle, you need to verify the email address you used during registration. Go to your Sporcle Settings to finish the process.

Report this User

Report this user for behavior that violates our Community Guidelines.

Details: